A restaurant quality model based on marketing factors

Opis a testovanie vývoja marketingovo orientovaného modelu kvality reštaurácie (RQM 7P) v Slovinsku na základe dotazníkového prieskumu z obdobia 01-06/2014. Vplyv rôznych marketingových faktorov na vnímanie celkovej kvality reštaurácie hosťami.

Salvato in:
Dettagli Bibliografici
Autore principale: Kukanja, Marko
Altri autori: Gomezelj Omerzel, Doris, Bukovec, Boris
Natura: Capitolo di libro
Lingua:inglese
Soggetti:
Tags: Aggiungi Tag
Nessun Tag, puoi essere il primo ad aggiungerne!!

MARC

LEADER 00000naa a2200000 4500
001 0229361
005 20220719115421.3
041 0 |a eng 
044 |a CZ 
245 1 0 |a A restaurant quality model based on marketing factors  |c Marko Kukanja, Doris Gomezelj Omerzel, Boris Bukovec 
520 |a Opis a testovanie vývoja marketingovo orientovaného modelu kvality reštaurácie (RQM 7P) v Slovinsku na základe dotazníkového prieskumu z obdobia 01-06/2014. Vplyv rôznych marketingových faktorov na vnímanie celkovej kvality reštaurácie hosťami. 
610 2 0 |a gastronómia 
610 2 0 |a služby 
610 2 0 |a reštaurácie 
610 2 0 |a kvalita 
610 2 0 |a kvalita služieb 
610 2 0 |a systémy kvality 
610 2 0 |a marketing mix 
610 2 0 |a marketing 
610 2 0 |a marketing služieb 
610 2 0 |a prieskum 
610 2 0 |a zákazníci 
610 2 0 |a modely 
610 2 0 |a Slovinsko 
100 1 |a Kukanja, Marko 
700 1 |a Gomezelj Omerzel, Doris 
700 1 |a Bukovec, Boris